00462nam a22001697a 450000500170000001000140001702000100003103500130004103700130005408200110006710000170007824500540009526000410014927000410019030000210023150000400025220100811161842.0 aENG-99773 c40.00 aEN-83305 bDBAD/PUB a230.64 aAnuradha, R. aNamakkal cave temples revisited /cby R. Anuradha aSalembMadeshwari Publicationsc2008 a249, Rathnasamy PurambSaleme636009 a98p.c20cm (pbk) aIncluded bibliographical references